| 000 | 00882nas a2200241 454500 | ||
|---|---|---|---|
| 001 | 13156 | ||
| 005 | 20260407193504.0 | ||
| 008 | 260407s2001####ag###########|||spa#d | ||
| 003 | AR-UNSa-BCEJYS | ||
| 040 |
_aAR-UNSa-BCEJYS _bspa _cAR-UNSa-BCEJYS |
||
| 080 |
_a658.11 _xClases y formas de las empresas( pequeñas y medianas empresas...Pymes) |
||
| 245 | 1 | 0 | _aLEOPYME |
| 264 | 1 |
_aBuenos Aires : _bABAPPRA _c2001 |
|
| 310 | _aFrecuencia: irregular | ||
| 942 | _cSER | ||
| 590 | _aniveau_biblio:s niveau_hierar:1 | ||
| 100 | 1 | _aAsociación de Bancos Públicos y Privados de la República Argentina. Instituto de la Pequeña y Mediana Empresa | |
| 650 | _aExportación/importación | ||
| 650 | _aBANCOS | ||
| 650 | _aPequeña y mediana empresa | ||
| 650 | _aEconomía regional | ||
| 856 | 4 | 1 |
_uhttps://biblioeco.unsa.edu.ar/pmb/images/revistas/Leopyme.jpg _yImagen de portada _qimage/jpeg |
| 999 |
_c8454 _d8454 |
||